|
|
|
|
| LEADER |
02887nam a2200721 a 4500 |
| 001 |
nkc20122368394 |
| 003 |
CZ PrNK |
| 005 |
20120829100505.0 |
| 007 |
ta |
| 008 |
120516s2012 xr achie c 001 0 eng |
| 020 |
|
|
|a 978-80-905228-2-4
|q (brož.)
|z 978 80 905228 24
|
| 040 |
|
|
|a ABA001
|b cze
|
| 041 |
1 |
|
|a eng
|h cze
|
| 043 |
|
|
|a e-xr---
|b e-xr-pg
|2 czenas
|
| 045 |
|
|
|a u6u6
|
| 072 |
|
7 |
|a 75
|x Malířství
|2 Konspekt
|9 21
|
| 080 |
|
|
|a 726.52:27-567-312.47
|2 MRF
|
| 080 |
|
|
|a 726.71:27-789.325
|2 MRF
|
| 080 |
|
|
|a 726.596
|2 MRF
|
| 080 |
|
|
|a 75.052.034.7
|2 MRF
|
| 080 |
|
|
|a 75.052.021.333
|2 MRF
|
| 080 |
|
|
|a 27-186
|2 MRF
|
| 080 |
|
|
|a 7.04
|2 MRF
|
| 080 |
|
|
|a (437.311)
|2 MRF
|
| 080 |
|
|
|a (083.824)
|2 MRF
|
| 245 |
0 |
0 |
|a Ars moriendi :
|b the Loreto crypts : from the history of burying in the Capuchin convents : exhibition catalogue : Loreta Praha, [from 4th May to 30th September 2012] /
|c Petr Bašta, Markéta Baštová (et al.)
|
| 246 |
3 |
0 |
|a Loreto crypts
|
| 250 |
|
|
|a 1. English ed.
|
| 260 |
|
|
|a Praha :
|b Czech Capuchin Province,
|c 2012
|
| 300 |
|
|
|a 156 s. :
|b il. (převážně barev.), portréty, faksim., erby ;
|c 27 cm +
|e 1 DVD
|
| 500 |
|
|
|a Přeloženo z češtiny
|
| 504 |
|
|
|a Obsahuje bibliografie a rejstřík
|
| 505 |
2 |
0 |
|t Newly discovered fresco decoration in the crypt beneath the Church of the Nativity in Loreto Prague
|
| 648 |
|
4 |
|a 1663
|
| 648 |
|
7 |
|a 17. století
|7 ch460555
|2 czenas
|
| 650 |
0 |
7 |
|a loretánské kaple
|7 ph314816
|z Česko
|y 17. stol.
|2 czenas
|
| 650 |
0 |
7 |
|a kapucínské kláštery
|7 ph409243
|z Česko
|y 17. stol.
|2 czenas
|
| 650 |
0 |
7 |
|a krypty
|7 ph156678
|z Česko
|y 17. stol.
|2 czenas
|
| 650 |
0 |
7 |
|a barokní nástěnná malba
|7 ph348296
|z Česko
|2 czenas
|
| 650 |
0 |
7 |
|a fresky
|7 ph135157
|z Česko
|y 17. stol.
|2 czenas
|
| 650 |
0 |
7 |
|a smrt
|7 ph116193
|2 czenas
|
| 650 |
0 |
7 |
|a umělecké náměty
|7 ph138227
|2 czenas
|
| 650 |
0 |
9 |
|a Loreto chapels
|z Czechia
|y 17th century
|2 eczenas
|
| 650 |
0 |
9 |
|a Capuchin monasteries
|z Czechia
|y 17th century
|2 eczenas
|
| 650 |
0 |
9 |
|a crypts
|z Czechia
|y 17th century
|2 eczenas
|
| 650 |
0 |
9 |
|a baroque mural painting
|z Czechia
|2 eczenas
|
| 650 |
0 |
9 |
|a fresco painting
|z Czechia
|y 17th century
|2 eczenas
|
| 650 |
0 |
9 |
|a death
|2 eczenas
|
| 650 |
0 |
9 |
|a artistic themes
|2 eczenas
|
| 655 |
|
7 |
|a katalogy výstav
|7 fd132536
|2 czenas
|
| 655 |
|
9 |
|a exhibition catalogs
|2 eczenas
|
| 610 |
2 |
7 |
|a Loreta (Praha, Česko)
|7 kn20050504129
|2 czenas
|
| 651 |
|
7 |
|a Praha (Česko)
|7 ge118011
|2 czenas
|
| 651 |
|
9 |
|a Prague (Czechia)
|2 eczenas
|
| 700 |
1 |
|
|a Bašta, Petr,
|d 1966-
|7 jo2005267889
|4 aut
|
| 700 |
1 |
|
|a Baštová, Markéta
|7 xx0132616
|4 aut
|
| 710 |
2 |
|
|a Loreta (Praha, Česko)
|7 kn20050504129
|
| 910 |
2 |
|
|a BOA001
|b 3-1289.293
|
| 928 |
9 |
|
|a Provincie kapucínů v ČR
|
| 990 |
|
|
|a BK
|
| 995 |
|
|
|a 11
|
| 991 |
|
|
|b 201207
|c NOV
|e n
|
| 996 |
6 |
|
|b 2610515405
|c 3-1289.293
|l MZK
|r Sklad / do 1 hodiny
|n 0
|p p.v.
|w 001263112
|u 000010
|a 1
|e BOA001
|j MZK50
|s P
|